| 000 | 00739nam a2200229 u 4500 | ||
|---|---|---|---|
| 005 | 20250411063834.0 | ||
| 008 | 110208s2009 es r 000 0 spa d | ||
| 020 | _a9788427716377 | ||
| 035 | _aUPN01000179296 | ||
| 049 | _aCG | ||
| 050 | 4 |
_aLB1775 _bM3.3 |
|
| 100 | 1 |
_aMarcelo García, Carlos _932073 |
|
| 245 | 1 | 0 |
_aDesarrollo profesional docente : _b¿cómo se aprende a enseñar? / _cCarlos Marcelo, Denise Vaillant. |
| 260 |
_aMadrid : _bNarcea, _cc2009. |
||
| 300 |
_a171 p. : _btablas |
||
| 440 | 0 | _aEducación hoy estudios | |
| 650 | 2 |
_aEnseñanza como profesión _95829 |
|
| 650 | 4 |
_aFormación profesional _99108 |
|
| 650 | 4 |
_aDesarrollo profesional _912865 |
|
| 700 | 1 |
_aVaillant, Denise, _ecoaut. _942013 |
|
| 905 | _aLibro | ||
| 999 |
_c151399 _d151399 |
||